000 004810000a22001930004500
001 000258
003 MACL
005 20150828160021.0
008 150828b xxu||||| |||| 00| 0 eng d
040 _aMACL
_cMACL
041 _aEnglish
082 _a791.43/NAN
100 _aNandy, Ashis
_9493
245 _aThe Secret Politics Of Our Desires
_cAshis Nandy
260 _aNew Delhi
_c1998
_bOxford University Press,
350 _a395
650 _aCinema
_97620
942 _k791
_cBK
_2ddc
999 _c260
_d260